Συγκριτική μελέτη της συμπεριφοράς συμβατικών λιπασμάτων και λιπασμάτων με αναστολείς νιτροποιήσεις στην παραγωγικότητα των καλλιεργιών και στα εδάφη : πτυχιακή εργασία

Αποθηκεύτηκε σε:
Λεπτομέρειες βιβλιογραφικής εγγραφής
Κύριος συγγραφέας: Παπαδοπούλου, Λητώ
Συγγραφή απο Οργανισμό/Αρχή: Πανεπιστήμιο Αιγαίου. Σχολή Περιβάλλοντος. Τμήμα Περιβάλλοντος
Άλλοι συγγραφείς: Γιούργα, Χριστίνα (Εισηγητής διατριβής)
Μορφή: Thesis Βιβλίο
Γλώσσα:Greek
Δημοσίευση: Μυτιλήνη : Πανεπιστήμιο Αιγαίου, Τμήμα Περιβάλλοντος, 2005
Θέματα:
Ετικέτες: Προσθήκη ετικέτας
Δεν υπάρχουν, Καταχωρήστε ετικέτα πρώτοι!

MARC

LEADER 00000cam a2200000 i 4500
001 1/21875
008 060117s2005 gre d
035 |l 10081995 
040 |a GR-MY-UA  |b gre  |e aacr 
041 0 |a gre 
082 0 |a 631.8  |2 (22) 
100 1 |a Παπαδοπούλου, Λητώ. 
245 1 0 |a Συγκριτική μελέτη της συμπεριφοράς συμβατικών λιπασμάτων και λιπασμάτων με αναστολείς νιτροποιήσεις στην παραγωγικότητα των καλλιεργιών και στα εδάφη :  |b πτυχιακή εργασία /  |c Παπαδοπούλου Λητώ ; υπεύθυνη καθηγήτρια Γιούργα Χριστίνα 
260 |a Μυτιλήνη :   |b Πανεπιστήμιο Αιγαίου, Τμήμα Περιβάλλοντος,   |c 2005 
300 |a 62 σ.;  |b πιν., διαγρ.;  |c 30 εκ. 
502 # # |a Πτυχιακή εργασία – Πανεπιστήμιο Αιγαίου, Λέσβος, 2005. 
504 |a Βιβλιογραφία: 58-62 
650 0 0 |a Soil fertility. 
650 0 0 |a Fertilizers. 
650 0 0 |a Soil productivity. 
650 0 0 |a Crops and soils. 
650 0 0 |a Dissertations, Academic  |z Greece. 
700 1 |a Γιούργα, Χριστίνα.  |4 ths 
710 2 |a Πανεπιστήμιο Αιγαίου.   |b Σχολή Περιβάλλοντος.   |b Τμήμα Περιβάλλοντος. 
852 |a INST  |b LESVOS  |c DIATR  |e 20060117  |h 961  |p 005100033173  |q 005100033173  |t DIE  |y 23 
852 |a INST  |b LESVOS  |c DIATR  |e 20060117  |h 962  |p 005100033172  |q 005100033172  |t DIE  |y 23 
901 |a BIBL1-2005-3 
909 |a Λ  |b 124262 
909 |a Λ  |b 124263 
924 |a ΠΑΠΑΔΟΠΟΥΛΟΥ  |b ΛΥΤΩ  |y ΛΕΣΒΟΣ  |z 2005-09 
970 |a ΜΑΡΙΝΑΤΟΥ  |b ΜΥΡΣΙΝΗ  |z 2006/01/17